Cervantes y la libertad / (Record no. 124)

000 -CABECERA
fixed length control field 01100nam a22002177a 4500
003 - IDENTIFICADOR DEL NÚMERO DE CONTROL
control field AR-CdUCM
008 - DATOS DE LONGITUD FIJA--INFORMACIÓN GENERAL
fixed length control field 190221b ||||| |||| 00| 0 spa d
020 ## - NÚMERO INTERNACIONAL ESTÁNDAR DEL LIBRO
ISBN 8472323021
040 ## - FUENTE DE LA CATALOGACIÓN
Agencia/entidad que catalogó originalmente la obra MUNICIPALIDAD PROVINCIAL DEL CUSCO
Entidad que transcribió la catalogación BIBLIOTECA MUNICIPAL DEL CUSCO
082 ## - NÚMERO DE LA CLASIFICACIÓN DECIMAL DEWEY
No. de Clasificación 868.324 /
Notacion interna R84
100 ## - ENTRADA PRINCIPAL--NOMBRE DE PERSONA
Nombre Personal Rosales, Luis
245 ## - MENCIÓN DE TÍTULO
Título Cervantes y la libertad /
260 ## - PUBLICACIÓN, DISTRIBUCIÓN, ETC.
Lugar de publicación, distribución, etc. Madrid :
Nombre de la editorial, distribuidor, etc. Cultura Hispánica, Instituto de Cooperación Iberoamericana,
Fecha de publicación, distribución, etc. 1985.
300 ## - DESCRIPCIÓN FÍSICA
Nº de Páginas Extensión 2 volúmenes ;
Dimensiones 21 cm.
505 ## - NOTA DE CONTENIDO CON FORMATO
Nota de contenido formateada Contenido: v.1. La libertad soñada -- La independencia considerada como libertad -- El espíritu de evasión considerado como libertad -- Somos de la madera de los sueños -- v.2. La clave de Dulcinea -- La comedia de la personalidad -- Quijotismo y Quijanismo -- Libertad y naturalez -- Doctrina Cervantina sobre la naturaleza -- La libertad y el proyecto vital en Ortega y Gasset -- La validez y vigencia de las ideas -- La libertad textual.
650 ## - PUNTO DE ACCESO ADICIONAL DE MATERIA--TÉRMINO DE MATERIA
Descriptor Don Quijote
9 (RLIN) 426
650 ## - PUNTO DE ACCESO ADICIONAL DE MATERIA--TÉRMINO DE MATERIA
Descriptor Cervantes Saavedra
9 (RLIN) 601
650 ## - PUNTO DE ACCESO ADICIONAL DE MATERIA--TÉRMINO DE MATERIA
Descriptor Análisis novela
9 (RLIN) 602
942 ## - ELEMENTOS DE PUNTO DE ACCESO ADICIONAL (KOHA)
Fuente de clasificación
Tipo de item Libros-BMC
945 ## - PROCESAMIENTO DE INFORMACIÓN LOCAL (OCLC)
Catalogador zta
Holdings
Estado de retiro (separado) Fuente de clasificación o esquema de estanterías Estado dañado Ubicación Sala donde se ubica Nombre de la colección Fecha de adquisición o compra Costo, precio normal en soles Signatura topográfica Código de Barras Última vez visto (Koha) Tipo de ítem (Koha)
No     Sala Humanidades Sala Humanidades Book Cart 2019-02-21 60.00 868.324 / R84 / v.2 SH0000000012 2019-02-21 Libros-BMC
No     Sala Humanidades Sala Humanidades Book Cart 2019-05-15 60.00 868.324 / R84 / v.1 SH0000013699 2019-05-15 Libros-BMC

Powered by Koha